000 00519nam a22001817a 4500
003 CEME
005 20210628203023.0
008 210216b xxu||||| |||| 00| 0 eng d
020 _a0-521-56697-5
040 _c.
082 _a530.076 REE
100 _aRees, W.G
_962904
245 _aPhysics by example 200 problems and solutions
260 _aNEW YORK
_bCAMBRIDGE UNIVERSITY PRESS
_c1994
300 _a374P
650 _aPHYSIC PROBLEMS AND THEIR SOLUTIONS; PHYSIC-PROBLEMS, EXERCISES
_962905
942 _cBK
_2ddc
999 _c571859
_d571859